| 000 | 00907nam a22002297a 4500 | ||
|---|---|---|---|
| 999 |
_c20101 _d20101 |
||
| 003 | AR-CdUCM | ||
| 008 | 190527b ||||| |||| 00| 0 spa d | ||
| 040 |
_aMUNICIPALIDAD PROVINCIAL DEL CUSCO _cBIBLIOTECA MUNICIPAL DEL CUSCO |
||
| 082 |
_a343.270 / _bZ28 |
||
| 100 |
_aZamora, Antonio _97013 |
||
| 245 |
_aDigesto constitucional americano : _bCompilación actualizada de los 23 estatutos que rigen la existencia de las naciones que integran las Américas / |
||
| 260 |
_aBuenos Aires : _bCLARIDAD, _c1953. |
||
| 300 |
_a985 páginas _c23 cm. |
||
| 440 |
_aBiblioteca Jurídica _n v.33 _942059 |
||
| 505 | _aContenido: Naturaleza y propósito -- Derecho y deberes fundamentales de los estados -- Soluciona pacifica de controversias... | ||
| 650 |
_aPolitica _9291 |
||
| 650 |
_aDerecho _9739 |
||
| 650 |
_aNormas _915859 |
||
| 650 |
_aEconomia _9382 |
||
| 942 |
_2ddc _cLIBROS |
||
| 945 | _aJavier | ||